000 00940nas a2200301 4500
001 BR0900643
003 BR-BrBNA
005 20231205113110.0
007 ta
008 230509b bl.|||p| |||| 00| 00por d
040 _aBR-BrBNA
_bpor
_cBiblioteca Nacional de Agricultura
041 _a(Pt)
072 _aL51
100 1 _aRodrigueiro, R.J.B.
100 1 _aRostagno, H.S.
100 1 _aAlbino, L.F.T.
100 1 _aGomes, P.C.
100 1 _aNunes, R.V.
100 1 _aNeme, R.
245 1 _aExigência nutricional de lisina para poedeiras leves e semipesadas nos períodos de 1 a 3 e de 4 a 6 semanas de idade
650 _aAMINOÁCIDO
650 _aLISINA
650 _aEXIGÊNCIA NUTRICIONAL
650 _aPOEDEIRA COMERCIAL
773 0 _tRevista Brasileira de Zootecnia (Brazil)
_xISSN 1516-3598
_g(Sep-Oct 2007), v. 36(5) p. 1365-1371
_wBR0900643
909 _a202311
_bLúcia
_c55
_dLúcia Elande
942 _2AGRIS
_n0
_cANA
999 _c201825
_d201825